| 000 | 01164cam a22003014a 4500 | ||
|---|---|---|---|
| 001 | 11981962 | ||
| 003 | GBCCL | ||
| 005 | 20241126110415.0 | ||
| 008 | 000420s2000 cau b 000 0 eng | ||
| 010 | _a 00032339 | ||
| 020 | _a0830723900 | ||
| 040 |
_aDLC _cDLC _dDLC |
||
| 042 | _apcc | ||
| 050 | 0 | 0 |
_aBV660.2 _b.L665 2000 |
| 082 | 0 | 0 |
_a253 _221 _bLON |
| 100 | 1 |
_aLondon, H. B. _94176 |
|
| 245 | 1 | 0 |
_aThey call me pastor : _bhow to love the ones you lead / _cH.B. London & Neil B. Wiseman. |
| 260 |
_aVentura, Calif. : _bRegal, _cc2000. |
||
| 300 |
_a279 p. ; _c21 cm. |
||
| 504 | _aIncludes bibliographical references. | ||
| 650 | 0 |
_aClergy _xOffice. _9299 |
|
| 700 | 1 |
_aWiseman, Neil B. _94178 |
|
| 856 | 4 | 2 |
_3Contributor biographical information _uhttp://www.loc.gov/catdir/enhancements/fy1101/00032339-b.html |
| 856 | 4 | 2 |
_3Publisher description _uhttp://www.loc.gov/catdir/enhancements/fy1110/00032339-d.html |
| 906 |
_a7 _bcbc _corignew _d1 _eocip _f20 _gy-gencatlg |
||
| 942 |
_2ddc _cBK _06 |
||
| 999 |
_c2031 _d2031 |
||